| 000 | 01194nam a2200313 i 4500 | ||
|---|---|---|---|
| 001 | 000039892 | ||
| 003 | DO-SdBNP | ||
| 005 | 20250925150335.0 | ||
| 007 | ta | ||
| 008 | 130726s2013 dr r 000 0 spa d | ||
| 020 | _a9789945007817 | ||
| 040 |
_aDO-SdBNP _bspa _cBNPHU _erda |
||
| 041 | _aspa | ||
| 082 | 4 |
_aRD863.5 _bM516c 2013 _222 |
|
| 245 | 0 | 4 |
_aLos mejores cuentistas dominicanos contemporáneos : _b(antología ruptura del límite) / _cestudio y recopilación, Avelino Stanley ; prólogo, Ángel Lockward. |
| 250 | _aSegunda edición | ||
| 264 | 4 |
_aSanto Domingo, República Dominicana : _bEditora Fundación de Estudios Económicos y Políticos, _c©2013. |
|
| 300 |
_a257 páginas ; _c24 cm. |
||
| 336 |
_atexto _btxt _2rdacontent |
||
| 337 |
_asin mediación _bn _2rdamedia |
||
| 338 |
_avolumen _bnc _2rdacarrier |
||
| 490 | 0 |
_aLos Mejores Escritores Dominicanos ; _v1 |
|
| 500 | _aIncluye referencias bibliográficas y notas al pie de las páginas | ||
| 590 | _aInventariado, 2023 / DG | ||
| 700 | 1 |
_aStaley, Avelino, _erecopilador _4rec. _966102 |
|
| 700 | 1 |
_aLockward, Angel, _eprologuista _4pr. _911034 |
|
| 910 | _aDG/Validado. Control de calidad MFF | ||
| 942 |
_2ddc _cLBS1 |
||
| 999 |
_c39382 _d39382 |
||